000 00361nam a2200145Ia 4500
005 20251222152034.0
008 251222s9999||||xx |||||||||||||| ||spa||
020 _a9702603358
082 _a571.607.8/R22
100 _aRamirez Luna, Jorge E.
245 0 _aManual de Prácticas de Biología
250 _a1ra.ed.
264 _bPearson Education
942 _cLIB
999 _c25782
_d25782